Catálogo

DIRECTING THE DOCUMENTARY (Registro nro. 56177)

Detalles MARC
000 -LEADER
fixed length control field 00930nam a2200193 a 4500
001 - CONTROL NUMBER
control field 56177
005 - DATE AND TIME OF LATEST TRANSACTION
control field 20180714051820.0
008 - FIXED-LENGTH DATA ELEMENTS--GENERAL INFORMATION
fixed length control field 140415s2009 xxu 000 0 eng d
020 ## - INTERNATIONAL STANDARD BOOK NUMBER
International Standard Book Number 9780240810898
041 ## - LANGUAGE CODE
Language code of text/sound track or separate title eng
082 ## - DEWEY DECIMAL CLASSIFICATION NUMBER
Classification number 070.18
Item number RAB
100 1# - MAIN ENTRY--PERSONAL NAME
Personal name Rabiger, Michael,.
245 10 - TITLE STATEMENT
Title DIRECTING THE DOCUMENTARY
250 ## - EDITION STATEMENT
Edition statement 5ed.
260 ## - PUBLICATION, DISTRIBUTION, ETC.
Place of publication, distribution, etc. ESTADOS UNIDOS DE AMERICA :
Name of publisher, distributor, etc. ELSEVIER,
Date of publication, distribution, etc. 2009
300 ## - PHYSICAL DESCRIPTION
Extent 660
Dimensions 18.5 x 3.3 x 26
520 ## - SUMMARY, ETC.
Summary, etc. YOU WANT TO MAKE DOCUMENTARY FILMS? MOST OF WHAT YOULL NEED IS HERE TO ENCOURAGE YOU. USING A HANDS-ON, PROJECT-ORIENTED APPROACH AND TALKING TO YOU AS AN ARTIST AND COLLEAGUE, THE BOOK GUIDES YOU FROM BEGINNING TO ADVANCED LEVELS OF COMPETENCY. MANY PEOPLE ARE EXPERIENTIAL LEARNERS AND UNSUITED TO ABSORBING MASSES OF UNTRIED INFORMATION, SO THE BOOK ACCOMMODATES SEVERAL DIFFERENT KINDS OF LEARNER. SEE IF YOUR PROFILE IS HERE:
650 14 - SUBJECT ADDED ENTRY--TOPICAL TERM
Topical term or geographic name entry element CINE DOCUMENTAL
Existencias
Withdrawn status Lost status Source of classification or shelving scheme Damaged status Not for loan Collection code Home library Current library Shelving location Date acquired Source of acquisition Inventory number Total Checkouts Full call number Barcode Date last seen Price effective from Koha item type Date last checked out
    Dewey Decimal Classification     General Biblioteca Karol Wojtyla Biblioteca Karol Wojtyla Sala general 03/12/2013 Compra 151000000000000000059972   '070.18 RAB 84652 05/01/2026 03/12/2013 Libro  
    Dewey Decimal Classification     General Biblioteca Karol Wojtyla Biblioteca Karol Wojtyla Sala general 03/12/2013 Compra 151000000000000000059973   '070.18 RAB 84653 05/01/2026 03/12/2013 Libro 09/10/2017
    Dewey Decimal Classification     General Biblioteca Karol Wojtyla Biblioteca Karol Wojtyla Sala general 03/12/2013 Compra 151000000000000000059971   '070.18 RAB 84651 05/01/2026 03/12/2013 Libro 21/04/2016